| 000 | 00605nam a22002057a 4500 | ||
|---|---|---|---|
| 005 | 20190708105722.0 | ||
| 008 | 190708b xxu||||| |||| 00| 0 eng d | ||
| 020 |
_a9780195652956 _cRs. 425.00 |
||
| 040 | _aLoreto College | ||
| 041 | _aEnglish | ||
| 082 |
_a791.43 _bPRO |
||
| 100 | _aPrasad, M. Madhava | ||
| 245 |
_aIdeology of the hindi film _bA historical construction _cM. Madhava Prasad |
||
| 260 |
_aNew Delhi _bOxford University Press _c2000 |
||
| 300 |
_a285 p. _b24 cm. |
||
| 504 | _aIncludes index and bibliographical index | ||
| 650 | _aFilm Studies | ||
| 850 | _aLCLIB | ||
| 942 | _cBK | ||
| 999 |
_c42203 _d92682 |
||